Score 0/20 Timer 02:00
0 Plays Today
Hint Answer % Correct
Current President of the USABarack Obama
99.2%
Usually dies in South ParkKenny
87.8%
Japanese city where the A-Bomb was dropped during WWIIHiroshima
87.4%
Company that created the Playstation 1,2, and 3Sony
87%
Kids won't let him have any TrixSilly Rabbit
86.6%
Famous NBA PG with HIVMagic Johnson
80.1%
All-time MLB home run leader with the juiceBarry Bonds
75.6%
Father of CommunismKarl Marx
72.4%
Holds the fastest 100 meter dash timeUsain bolt
72.4%
Capital of ThailandBangkok
70.7%
Hint Answer % Correct
The colonel's fried chicken started in this stateKentucky
67.1%
All-time MLB home run leader without the juiceHank Aaron
66.3%
Lost to George W. Bush in 2000Al Gore
63.8%
Former bodybuilder/actor and now governorArnold Schwarzenegger
62.6%
The King of BeersBudweiser
61%
Catch phrase is Think Outside the BunTaco Bell
60.2%
Female star in One Night in ParisParis Hilton
37.8%
Played Tommy in GoodfellasJoe Pesci
35%
All-time team win leader in college footballUniversity of Michigan
19.5%
Played Bob Lee Swagger in ShooterMark Wahlberg
17.9%
Remove Ads.
Support Sporcle.
Get the best of Sporcle when you Go Orange. This ad-free experience offers more features, more stats, and more fun while also helping to support Sporcle. Thank you for becoming a member.

You're not logged in!

Compare scores with friends on all Sporcle quizzes.
OR
Log In

Show Comments

Extras

Created Nov 3, 2010ReportNominate

Top Quizzes Today


Score Distribution

Your Account Isn't Verified!

In order to create a playlist on Sporcle, you need to verify the email address you used during registration. Go to your Sporcle Settings to finish the process.

Report this User

Report this user for behavior that violates our Community Guidelines.

Details: